| 000 | 00330nam a2200109Ia 4500 | ||
|---|---|---|---|
| 008 | 171204s9999 xx 000 0 und d | ||
| 245 | _aIntroduction to Clinical Psychology: | ||
| 245 | _cCatherine M. Lee and John Hunsley | ||
| 260 | _c2014 | ||
| 650 | _xCLINICAL PSYCHOLOGY | ||
| 856 | _uhttp://down.ebook777.com/047/1118624610.pdf | ||
| 999 |
_c346416 _d346416 |
||